Rozširovanie kolektívnych zmlúv vyššieho stupňa a odhad jeho vplyvu na náklady práce

Od začiatku roku 2014 vstúpila do platnosti nová legislatíva v oblasti kolektívneho vyjednávania. Kolektívne zmluvy vyššieho stupňa je možné rozšíriť na všetky firmy odvetvia s 20 a viac zamestnancami. Zmluvy upravujú široký rozsah pracovnoprávnych vzťahov, ich rozšírenie je však najcitlivejšie vním...

Descrizione completa

Salvato in:
Dettagli Bibliografici
Autore principale: Karšay, Alexander, 1983-
Altri autori: Mičúch, Marek
Natura: Capitolo di libro
Lingua:slovacco
Soggetti:
Tags: Aggiungi Tag
Nessun Tag, puoi essere il primo ad aggiungerne!!

MARC

LEADER 00000naa a2200000 4500
001 0192881
005 20240502073232.6
041 0 |a slo 
044 |a SK 
245 1 0 |a Rozširovanie kolektívnych zmlúv vyššieho stupňa a odhad jeho vplyvu na náklady práce  |c Alexander Karšay, Marek Mičúch 
520 |a Od začiatku roku 2014 vstúpila do platnosti nová legislatíva v oblasti kolektívneho vyjednávania. Kolektívne zmluvy vyššieho stupňa je možné rozšíriť na všetky firmy odvetvia s 20 a viac zamestnancami. Zmluvy upravujú široký rozsah pracovnoprávnych vzťahov, ich rozšírenie je však najcitlivejšie vnímané v oblasti odmeňovania. Mzdové nárasty určené v týchto zmluvách bude možné zákonne uplatniť i vo firmách, ktoré mzdový nárast neplánujú, či plánujú v nižšom rozsahu. Zákon dáva priestor na rast mzdových nákladov, ktoré by inak nevznikli. Kvantitatívny odhad možného maximálného nárastu celkových nákladov práce pri hypotetickom rozšírení všetkých aktuálne platných kolektívnych zmlúv vyššieho stupňa. 
610 2 0 |a legislatíva 
610 2 0 |a vyjednávanie kolektívne 
610 2 0 |a náklady práce 
610 2 0 |a mzdy 
610 2 0 |a podnik 
100 1 |a Karšay, Alexander, 1983- 
700 1 |a Mičúch, Marek